| 000 | 00426cam a2200145 4500 | ||
|---|---|---|---|
| 001 | 1942 | ||
| 005 | 20181127164246.0 | ||
| 008 | 741003s1955 maua 000 0 eng | ||
| 010 | _a 55014621 | ||
| 100 | 1 |
_aTaylor, Angus E. _q(Angus Ellis), _d1911-1999. |
|
| 245 | 1 | 0 |
_aAdvanced calculus / _cAngus E. Taylor. |
| 260 |
_aNew York : _bBlaisdell Publishing Company, _c1965. |
||
| 300 |
_a779 p. : _bill. ; _c24 cm. |
||
| 650 | 0 | _aCalculus. | |
| 999 |
_c1495 _d1495 |
||